000
00275nam a22001217a 4500
999
_c
153879
_d
153879
082
_a
_b
100
_a
Rajarajavarma
245
_a
Sri vakmiki/
_c
by Rajarajavarma
260
_a
Thiruvanthapuram:
_b
Kerala University,
_c
2011.
300
_a
331p.
650
_a
942
_c
BK